Vista normal
Vista MARC
Entrada Materia (geográfica)
Número de registros utilizados en: 1
001 - CONTROL NUMBER
- control field: 69668
003 - CONTROL NUMBER IDENTIFIER
- control field: Co-BoUCM
005 - DATE AND TIME OF LATEST TRANSACTION
- control field: 20150617082550.0
008 - FIXED-LENGTH DATA ELEMENTS
- fixed length control field: 150617|| aca||aabn | a|a d
040 ## - CATALOGING SOURCE
- Original cataloging agency: Co-BoUCM
- Transcribing agency: Co-BoUCM
151 ## - HEADING--GEOGRAPHIC NAME
- Geographic name: Europa
- General subdivision: Crimen organizado
670 ## - SOURCE DATA FOUND
- Source citation: Work cat.: (Co-BoUCM)299968: Organised crime in Europe, 2004